000 00788nam a2200277 a 4500
001 52307
003 BD-RJUL
005 20211209075801.0
008 160918s1966 enka b 001 0 engm
035 _a(BD-RJUL)52427
040 _aDLC
_cWSU
_dOCL
_dBD-RJUL
_beng
041 _aeng
082 _223
_a530.11
_bRIS 1966
090 _aQC6
_b.R579 1966
099 _aQC6.R579 1966
100 1 0 _aRindler, W.
_9156544
245 1 0 _aSpecial relativity /
_c[by] W. Rindler.
250 _a2nd ed.
260 _aLondon :
_bInterscience,
_c1966
300 _axii, 196 p. ;
_bill. ;
_c19 cm.
490 1 _aUniversity mathematical texts ;
_v23
500 _aInclude index
650 0 _aRelativity (Physics)
_9156545
830 0 _aUniversity mathematical texts ;
_v23.
_9150921
942 _2ddc
_cBK
999 _c52307
_d52307